| 000 | 00705nam a2200217Ii 4500 | ||
|---|---|---|---|
| 003 | JO-AjNU | ||
| 008 | 230606s9999||||xx |||||||||||||| ||und|| | ||
| 020 | _a0-8044-3121-3/ 0-8044-6248-8 | ||
| 040 |
_aJO-AjNU _beng _erda _cJO-AjNU |
||
| 041 | _aeng | ||
| 050 | 1 | 4 | _aPS221.H36 1974 |
| 100 | 3 |
_aHassan,Ihab, _eauthor _95553 |
|
| 245 | 0 | 0 | _aContemporary American Literature 1945-1972 |
| 250 | _a2 ed | ||
| 264 | 3 | 1 | _aNew York: Frederick Ungar Publishing,1974 |
| 300 |
_a194p _b Includes indexes(p187-194) |
||
| 336 |
_atext _btxt _2rdacontent |
||
| 337 |
_aunmediated _bn _2rdamedia |
||
| 338 |
_avolume _bnc _2rdacarrier |
||
| 650 | 4 |
_a American literature - 20th century - History and criticism _95554 |
|
| 999 |
_aE2872 _c2870 _d2870 |
||